000 00499nam a2200157Ia 4500
008 210716s2011 xx 000 0 und d
020 _a9788132105015
041 _aeng
082 _a658.406 MASO
100 _aMascarenhas, Oswald A J.
245 _aBusiness transformation strategies: the strategic leader as innovation manager.
_bStrategic leader as innovation manager.
250 _a1
260 _aNew Delhi
_bSage Publications
_c2011
300 _axx,657/2010
650 _aGeneral Management
999 _c206906
_d206906